000 00340nam a2200133Ia 4500
005 20260326100034.0
008 260326s9999||||xx |||||||||||||| ||und||
100 _aArbeláez Camacho, Carlos
245 0 _aEl Arte Colonial en Colombia /
_cCarlos Arbeláez Camacho
260 _bSol y Luna
300 _a222 p.
650 _aARTE
942 _cBK
999 _c6736
_d6736